000
00432nam a22000977a 4500
100
_a
कवीन्द्र,रागिनी
_9
79721
245
_a
बाल विकास एवं शिक्षणशास्त्र NCERT की पाठ्य पुस्तकों पर पूर्णतया आधरित
260
_a
Chennai
_b
Mc Graw Hill
_c
2020
650
_a
शिक्षा
_9
79722
942
_c
HIN
999
_c
63338
_d
63338